000 00289nam a22001337a 4500
008 170829b xxu||||| |||| 00| 0 eng d
020 _a9780131870765
041 _aeng
080 _27 ED
_a070
100 _a39
101 _aMRD
245 _aCOMMUNICATION
_cTHILL.J.V
942 _2udc
_cBK
999 _c25389
_d25389